000 00910nam a22003017a 4500
003 CHAP
005 20220329135008.0
008 971013s1973 r 00010 d
010 _a29240
011 _a30212
035 _a34324
040 _cCHAP
082 _a581.31
_bK6
100 0 0 _aKozlowski, Theodore Thomas.
_963831
245 _aShedding of plant parts
260 _aNew York :
_bAcademic Press,
_c1973
300 _a560 p.
_b: ilus.
490 _aPhysiological ecology
590 _aBATCH-UPD
_b10
_c20130110
_lUCH01
_h1555
590 _aBATCH-UPD
_b10
_c20130410
_lUCH01
_h0953
590 _aBATCH-UPD
_b10
_c20130913
_lUCH01
_h1845
590 _aCONVERSION
_b10
_c20130109
_lUCH01
_h1317
650 1 4 _aAbscisión (Botánica)
_9332
830 0 _aPhysiological ecology
_987897
901 _aBK
942 _cLIBRO
949 _a581.31 K6
_bBC
_cLIBRO
_d33724000452751
_eLIBRO
_gI. 125683
_h65223
_i34324
_si
999 _c29240
_d29240